| 000 | 00373nam a22001697a 4500 | ||
|---|---|---|---|
| 005 | 20260309085134.0 | ||
| 020 | _a9781107172364 | ||
| 041 | _aEnglish | ||
| 082 | _a616.9362 Q17 ROY | ||
| 100 | _aRoy Rohan Deb | ||
| 245 | _aMalarial Subjects | ||
| 250 | _a01 | ||
| 260 |
_aUSA _bCambridge University Press _c2017 |
||
| 300 | _a332 | ||
| 365 | _b5513.00 | ||
| 942 | _cBK | ||
| 999 |
_c176915 _d176915 |
||